A ragaszkodás ráfizetés

Elmentve itt :
Bibliográfiai részletek
Dokumentumtípus: Cikk
Megjelent: 1977-03-06
Sorozat:Délmagyarország 67 No. 55
Kulcsszavak:villamos, troli
Online Access:http://dmarchiv.bibl.u-szeged.hu/109842
LEADER 00400nab a2200145 i 4500
001 delm109842
005 20190530100518.0
008 190530s1977 hu o 0|| hun d
040 |a SZTE Délmagyarország Archívum  |b hun 
041 |a hun 
245 0 2 |a A ragaszkodás  |h [elektronikus dokumentum] :  |b ráfizetés 
260 |c 1977-03-06 
300 |a 3 
490 0 |a Délmagyarország  |v 67 No. 55 
695 |a villamos, troli